00513nam a2200157Ia 4500003000900000008004100009020001800050040001600068080002500084245012100109260003900230300002300269650002500292650001700317700002100334IN-BaIIA211028s9999 xx 000 0 eng d a9971-950-95-2 cIIA Library a530.12.3(082.2)bREL 0aRelativity cosmology topological mass and supergravitycedited by C. Aragone  aNew JerseybWorld Scientificc1983 a[various pagings.] aRelativity cosmology aSupergravity aAragone, C., ed.